| 000 | 00905cam a2200241 4500 | ||
|---|---|---|---|
| 001 | WB3642-27 | ||
| 008 | 000000n2000 000 0 eng u | ||
| 035 | _a(Sirsi) u108919 | ||
| 245 | _aSurvey reveals poor performance | ||
| 260 | _c2000 | ||
| 490 |
_aBuilding _v20 October 2000, 10-11(2) |
||
| 520 | _aBarratt Homes and Beazer Group rank unfavourably in MORI's national housebuilding survey, while Redrow Homes is one of six to excel. The 59 largest housebuilders were ranked by customer satisfaction with the overall quality of their home and the level of service provided by the housebuilder. Table. | ||
| 590 | _aWB | ||
| 650 | _aLEAGUE TABLES | ||
| 650 | _aRANKING | ||
| 650 | _aCUSTOMER SATISFACTION | ||
| 650 | _aPERFORMANCE | ||
| 650 | _aHOUSE BUILDERS | ||
| 650 | _aMORI | ||
| 650 | _aHOMEOWNERS | ||
| 690 | _aMANAGEMENT-BUSINESS MANAGEMENT-PROFESSIONAL PRACTICE | ||
| 942 | _n0 | ||
| 999 |
_c65028 _d65028 |
||